<?xml version="1.0" encoding="UTF-8"?>
<record
    xmlns:xsi="http://www.w3.org/2001/XMLSchema-instance"
    xsi:schemaLocation="http://www.loc.gov/MARC21/slim http://www.loc.gov/standards/marcxml/schema/MARC21slim.xsd"
    xmlns="http://www.loc.gov/MARC21/slim">

  <leader>01764cam a22003015i 4500</leader>
  <controlfield tag="001">114234</controlfield>
  <controlfield tag="003">DR-UNIBE</controlfield>
  <controlfield tag="005">20251126092930.0</controlfield>
  <controlfield tag="008">251126t2024    mx a     b    001 0 spa d</controlfield>
  <datafield tag="020" ind1=" " ind2=" ">
    <subfield code="a">9786075698212</subfield>
  </datafield>
  <datafield tag="040" ind1=" " ind2=" ">
    <subfield code="a">BIBLIOTECA UNIBE</subfield>
    <subfield code="c">BIBLIOTECA UNIBE</subfield>
    <subfield code="e">rda</subfield>
  </datafield>
  <datafield tag="041" ind1=" " ind2=" ">
    <subfield code="a">spa</subfield>
    <subfield code="h">eng</subfield>
  </datafield>
  <datafield tag="082" ind1="0" ind2="4">
    <subfield code="a">170.44 P485m</subfield>
    <subfield code="2">23</subfield>
  </datafield>
  <datafield tag="100" ind1="1" ind2=" ">
    <subfield code="a">Peterson, Jordan B.,</subfield>
    <subfield code="e">autor</subfield>
    <subfield code="9">200696</subfield>
  </datafield>
  <datafield tag="245" ind1="1" ind2="0">
    <subfield code="a">M&#xE1;s all&#xE1; del orden :</subfield>
    <subfield code="b">12 nuevas reglas para vivir /</subfield>
    <subfield code="c">Jordan B. Peterson </subfield>
  </datafield>
  <datafield tag="264" ind1=" " ind2="1">
    <subfield code="a">M&#xE9;xico :</subfield>
    <subfield code="b">Editorial Planeta,</subfield>
    <subfield code="c">2018</subfield>
  </datafield>
  <datafield tag="300" ind1=" " ind2=" ">
    <subfield code="a">477 p&#xE1;ginas :</subfield>
    <subfield code="b">ilustraciones</subfield>
  </datafield>
  <datafield tag="490" ind1=" " ind2=" ">
    <subfield code="a">Vivir mejor. Pr&#xE1;cticos</subfield>
  </datafield>
  <datafield tag="505" ind1=" " ind2=" ">
    <subfield code="a">Regla 1 No denigres a la ligera ni las instituciones sociales ni el logro creativo  |
Regla 2 Imagina qui&#xE9;n podr&#xED;as ser y pon todo tu empe&#xF1;o en serlo  |
Regla 3 No escondas en la niebla las cosas que no desees  |
Regla 4 Piensa que la oportunidad reluce all&#xED; donde se ha renunciado a la responsabilidad  |
Regla 5 No hagas lo que aborreces  |
Regla 6 Abandona la ideolog&#xED;a  |
Regla 7 Al Menos esfu&#xE9;rzate al m&#xE1;ximo en una cosa y espera a ver qu&#xE9; pasa  |
Regla 8 Intenta tener una habitaci&#xF3;n de tu casa lo m&#xE1;s bonita posible  |
Regla 9 Si a&#xFA;n te corroen viejos recuerdos, escribe sobre ellos fielmente y con todo lujo de detalles  |
Regla 10 Planifica y esfu&#xE9;rzate por mantener viva la llama de tu relaci&#xF3;n  |
Regla 11 No te vuelvas rencoroso, mentiroso o arrogante  |
Regla 12 Muestra gratitud a pesar de tu sufrimiento |
</subfield>
  </datafield>
  <datafield tag="650" ind1=" " ind2="7">
    <subfield code="a">Conducta (&#xC9;tica)</subfield>
  </datafield>
  <datafield tag="650" ind1=" " ind2="7">
    <subfield code="a">Conducta (Psicolog&#xED;a)</subfield>
  </datafield>
  <datafield tag="650" ind1=" " ind2="7">
    <subfield code="a">Autoayuda </subfield>
  </datafield>
  <datafield tag="650" ind1=" " ind2="7">
    <subfield code="a">Psicolog&#xED;a aplicada </subfield>
    <subfield code="9">8752</subfield>
  </datafield>
  <datafield tag="653" ind1="0" ind2="0">
    <subfield code="a">Conducta de vida </subfield>
  </datafield>
  <datafield tag="653" ind1="0" ind2="0">
    <subfield code="a">Crecimiento personal</subfield>
  </datafield>
  <datafield tag="700" ind1=" " ind2=" ">
    <subfield code="a">Sirvent Almenar, Judit</subfield>
    <subfield code="e">traductor</subfield>
    <subfield code="9">201020</subfield>
  </datafield>
  <datafield tag="942" ind1=" " ind2=" ">
    <subfield code="2">ddc</subfield>
    <subfield code="c">BK</subfield>
  </datafield>
  <datafield tag="999" ind1=" " ind2=" ">
    <subfield code="c">114234</subfield>
    <subfield code="d">114234</subfield>
  </datafield>
  <datafield tag="952" ind1=" " ind2=" ">
    <subfield code="0">0</subfield>
    <subfield code="1">0</subfield>
    <subfield code="2">ddc</subfield>
    <subfield code="7">0</subfield>
    <subfield code="8">GEN</subfield>
    <subfield code="a">Principal</subfield>
    <subfield code="d">2025-11-26</subfield>
    <subfield code="l">0</subfield>
    <subfield code="o">170.44 P485m</subfield>
    <subfield code="p">251154</subfield>
    <subfield code="r">2025-11-26 09:30:03</subfield>
    <subfield code="t">Ej. 1</subfield>
    <subfield code="w">2025-11-26</subfield>
    <subfield code="y">BK</subfield>
  </datafield>
</record>
